| 000 | 00838nam a2200301Ia 4500 | ||
|---|---|---|---|
| 001 | 22532 | ||
| 003 | IT-RoPAU | ||
| 008 | 130308s9999 xx 000 0 und d | ||
| 040 | _aIT-RoPAU | ||
| 040 | _cIT-RoPAU | ||
| 041 | _aINGLESE | ||
| 100 | _aFabbri Franco | ||
| 100 | _gCodice Aut. SPICS: 12460 | ||
| 245 | 2 | _aA Theory of Musical Genres: Two Applications | |
| 245 | _bPopular Music Perspectives | ||
| 250 | _a1a ed. | ||
| 260 | _aGOTEBORG/EXETER (Svezia) | ||
| 260 | _bIASPM | ||
| 260 | _c1982 [1° Ed.:1982 - Ed.Ling.Originale:1981] | ||
| 300 | _a"30 p. (prefazione: no ; testo: 30 [pagine: 52-81])" | ||
| 500 | _aTeoria del Genere Musicale Canzone Italiana Canzone D'Autore | ||
| 650 | _aGENERI MUSICALI | ||
| 650 | _eCodice materia Spics: 7010 | ||
| 942 | _cBK | ||
| 957 | _71 | ||
| 999 |
_c59215 _d59215 |
||
| 999 | _bSI | ||
| 999 | _g1 | ||